=LDR 00000nam 2200000 4500 =001 INLIS000000000012969 =005 20200803100050 =035 ##$$a 0010-061300000012969 =008 200803################g##########0#ind## =041 ##$$a Ind =082 ##$$a 2x4.392 =090 ##$$a 2x4.392, Tah i =100 1#$$a Tahar, M.Shaheb =245 1#$$a Inseminasi buatan menurut hukum islam, /$c M.Shaheb Tahar =260 ##$$a Surabaya :$b Bina Ilmu,$c 1987 =300 ##$$a 86 hlm, ; $c 14 x 21 cm =650 #4$$a Bayi tabung dan inseminasi buatan =850 ##$$a NBPNMAT =084 ##$$a 2x4.392 TAH i =250 ##$$a cet.1 =990 ##$$a 20403611